Boccaccio komische Oper in 3 Akten von F. Zell und Richard Genée /

Hlavní autor: Suppé, Franz von, 1819-1895
Další autoři: Hopp, Julius, 1819-1885
Jazyk: Nelze použít, není lingvistický obsah
Vydáno: Leipzig ; Brüssel : London : Aug. Cranz ;Cranz & Co., [1890?]
Fyzický popis: 72 s.
Hudebniny Hudebniny
Uloženo v:
LEADER 00908ncm a22002292a 4500
001 001349110
003 CZ BrMZK
005 20140106150520.0
007 qu
008 131127s1890 gw |||||||||||||||||zxx d
040 |a BOA001  |b cze 
044 |a gw  |a be 
072 7 |a 782  |x Divadelní hudba. Opera, opereta, muzikál  |2 Konspekt  |9 9 
100 1 |a Suppé, Franz von,  |d 1819-1895  |7 jn19990008364  |4 cmp 
245 1 0 |a Boccaccio  |h [hudebnina] :  |b komische Oper in 3 Akten von F. Zell und Richard Genée /  |c Musik von Franz von Suppé ; vollständiger Klavierauszug für Piano allein von J. Hopp 
260 |a Leipzig ;  |a Brüssel :  |b Aug. Cranz ;  |a London :  |b Cranz & Co.,  |c [1890?] 
300 |a 72 s. 
700 1 |a Hopp, Julius,  |d 1819-1885  |7 jx20090130005  |4 cmp 
910 |a BOA001  |b Mus4-0144.015 
990 |a MU 
991 |b 201311 
996 6 |b 2619630685  |c Mus4-0144.015  |l MZK  |r Sklad / do 1 hodiny  |n 0  |w 001383973  |u 000010  |a 1  |e BOA001  |j MZK50  |s P